Počtovnica pre prvý postupový ročník všeobecnovzdelávacích škôl

Bibliographic Details
Main Authors: Kníže, Gustav, narodený 1909 (Author), Pecánková, Vlasta (autorka učebníc) (Author), Reitmayerová, Miroslava (Author)
Other Authors: Dubecký, Karol, 1918-1965 (Translator), Bláha, Václav, 1922-2021 (Illustrator), Říha, František, 1910-1986 (Illustrator)
Format: Book
Language:Slovak
Czech
PhysicalDescription:77 strán farebné ilustrácie, tabuľky 21 cm
Published: Bratislava Slovenské pedagogické nakladateľstvo 1956
Edition:3. vyd.
Subjects:

MARC

LEADER 00000cam a2200000 a 4500
001 vtls001473144
003 SK-MaSNL
005 20260301073838.0
008 250312s1956 xo al brp 000 0 slo
015 |a SNBA1956/10 
020 |q (brožované) 
035 |a SNK000428446 
035 |a urn:nbn:sk:snk-am3hxty 
035 |a 1B854235-CDE8-4749-A6CB-62B2A3246C6D 
035 |a urn:nbn:sk:snk-am00dcu9 
040 |a SNK  |b slo  |c SNK  |e AACR2 
041 1 |a slo  |h cze 
044 |a xo  |c SK 
072 7 |a 51  |x Matematika  |2 konspekt 
072 7 |a 37.016  |x Učebné osnovy. Vyučovacie predmety. Učebnice  |2 konspekt 
080 |a 51  |2 2011 
080 |a 37.016:511-028.31  |2 2011 
080 |a (075.2)  |2 2011 
080 |a (0.025.2)  |2 2011 
100 1 |a Kníže, Gustav,  |d narodený 1909  |4 aut  |9 61159 
245 1 0 |a Počtovnica pre prvý postupový ročník všeobecnovzdelávacích škôl  |c Gustav Kníže, Vlasta Pecánková, Miroslava Reitmayerová ; [ilustrovali: Václav Bláha, František Říha ; preložil: Karol Dubecký] 
250 |a 3. vyd. 
260 |a Bratislava  |b Slovenské pedagogické nakladateľstvo  |c 1956 
300 |a 77 strán  |b farebné ilustrácie, tabuľky  |c 21 cm 
366 |e 55000 kusov 
500 |a Preložené z češtiny 
650 0 7 |a matematika  |2 SNKPH  |9 70174 
650 0 7 |a počítanie  |2 SNKPH  |9 4104 
655 7 |a učebnice základných škôl  |2 SNKPH  |9 70187 
655 7 |a ilustrované publikácie  |2 SNKPH  |9 109406 
700 1 |a Dubecký, Karol,  |d 1918-1965  |4 trl  |9 131236 
700 1 |a Pecánková, Vlasta  |c (autorka učebníc)  |4 aut  |9 62010 
700 1 |a Reitmayerová, Miroslava  |4 aut  |9 307427 
700 1 |a Bláha, Václav,  |d 1922-2021  |4 ill  |9 395548 
700 1 |a Říha, František,  |d 1910-1986  |4 ill  |9 159333 
852 |a Slovenská národná knižnica 
954 |a odborná, vedecká literatúra cudzojazyčná (svetová)  |2 lita 
954 |a ilustrované knihy, leporelá, komiksy cudzojazyčné (svetové)  |2 lita 
958 |a RK 
958 |a TL 
958 |a CZ 
958 |a OND 
958 |a OP 
958 |a UC 
999 |c 645366  |d 647296 
952 |a SNK  |b SNK  |y PREZ  |7 0  |p 17A0789655  |o snkSC 8122  |i snkKSP 2113/56  |0 0  |1 0  |4 0  |d 2019-07-04  |f 1  |l 0  |r 2025-07-04 00:00:00  |w 2026-02-23